|
|
|
|
| LEADER |
01032pam a22002898a 4500 |
| 001 |
00041491 |
| 005 |
20180508080547.0 |
| 008 |
150403s2014 ||||||viesd |
| 020 |
# |
# |
|a 9786040000545
|c 3800
|
| 041 |
0 |
# |
|a vie
|
| 082 |
1 |
4 |
|a 372.83
|b Đ108Đ
|
| 245 |
0 |
0 |
|a Đạo đức 4
|c Lưu Thu Thuỷ (ch.b)...[và nh. ng. khác]
|
| 250 |
# |
# |
|a Tái bản lần thứ mười hai
|
| 260 |
# |
# |
|a Hà Nội
|b Giáo dục
|c 2017
|
| 300 |
# |
# |
|a 44 tr.
|b hình vẽ
|c 24 cm.
|
| 500 |
# |
# |
|a ĐTTS ghi: Bộ Giáo dục và Đào tạo
|
| 650 |
# |
4 |
|a Lớp 4
|
| 650 |
# |
4 |
|a Đạo đức
|
| 650 |
# |
4 |
|a Sách giáo khoa
|
| 700 |
1 |
# |
|a Lưu Thu Thuỷ
|e (ch.b)
|
| 700 |
1 |
# |
|a Nguyễn Hữu Hợp
|
| 700 |
1 |
# |
|a Nguyễn Việt Bắc
|
| 852 |
# |
# |
|b Kho giáo trình
|j KGT.0048720, KGT.0048721, KGT.0048722, KGT.0048723
|
| 852 |
# |
# |
|j KGT.0028667
|
| 852 |
# |
# |
|b Kho mượn
|j KGT.0048720
|
| 910 |
0 |
# |
|d 3/4/2015
|a kchi
|
| 980 |
# |
# |
|a Trung tâm Học liệu Lê Vũ Hùng, Trường Đại học Đồng Tháp
|